000 00939nam a2200301 i 4500
001 31260
003 ES-MaACL
005 20230906154340.0
007 t|
008 030128m19731985fr ||||1| fre d
020 _a2-7073-0204-X
100 1 _aBeaufret, Jean.
_926814
245 1 0 _aDialogue ave Heidegger /
_cJean Beaufret.
260 _aParĂ­s :
_bMinuit,
_c[1973-1985]
300 _a4 v. ;
_c22 cm.
490 1 _aArguments
500 _aIndice.
504 _aBibliografĂ­a.
505 8 _aContiene: V. I: Philosophie grecque. -- V. II: Philosophie moderne. -- V. III: Approche de Heidegger. -- V. IV: Le chemin de Jeidegger
600 0 4 _aHeidegger, Martin.
_962337
740 0 _aPhilosophie grecque.
740 0 _aPhilosophie moderne.
740 0 _aApproche de Heidegger.
740 3 _aLe chemin de Jeidegger.
830 0 _aArguments
_9177474
852 _aES-MaACL
_jL-11570-73
_bR.113309
999 _c31260
_d31260